Normal view
MARC view
Entry Geographic Name
001 - CONTROL NUMBER
- control field: 687994
003 - CONTROL NUMBER IDENTIFIER
- control field:
005 - DATE AND TIME OF LATEST TRANSACTION
- control field: 20210627041340.0
008 - FIXED-LENGTH DATA ELEMENTS
- fixed length control field: 210627|| aca||aabn | a|a d
040 ## - CATALOGING SOURCE
- Original cataloging agency:
- Transcribing agency:
151 ## - HEADING--GEOGRAPHIC NAME
- Geographic name: Great Britain
- General subdivision: History
- Chronological subdivision: Victoria, 1837-1901
670 ## - SOURCE DATA FOUND
- Source citation: Work cat.: ()563486: Kim, Stephen S. 687986, John Tyndall's transcendental materialism and the conflict between religion and science in Victorian England /, c1996
